Esemény, idő, szingularitás

Elmentve itt :
Bibliográfiai részletek
Szerző: Tarnay László
Adatforrás:Philobibl
Forrásdokumentuma:Világosság 43
2002. 4-5-6-7., 232-238. p.
Dokumentumtípus: Cikk
Nyelv:magyar
LEADER 00292nab a2200097 c 4500
001 bibDOK00021530
005 20200924121549.5
008 060518s2002 hu hun
100 1 |a Tarnay László 
245 1 0 |a Esemény, idő, szingularitás  |c Tarnay László 
773 0 |t Világosság 43  |g 2002. 4-5-6-7., 232-238. p.